Normal view
MARC view
- Gates Bul
Entry Personal Name
001 - CONTROL NUMBER
- control field: 63278
003 - CONTROL NUMBER IDENTIFIER
- control field: NUST
005 - DATE AND TIME OF LATEST TRANSACTION
- control field: 20210628203107.0
008 - FIXED-LENGTH DATA ELEMENTS
- fixed length control field: 210628|| aca||aabn | a|a d
040 ## - CATALOGING SOURCE
- Original cataloging agency: NUST
- Transcribing agency: NUST
100 ## - HEADING--PERSONAL NAME
- Personal name: Gates Bul
670 ## - SOURCE DATA FOUND
- Source citation: Work cat.: (NUST): Gates Bul, Digital ahad main karobar, 2007
